[Event "FIDE Women's World Teams"]
[Site "Mardin TUR"]
[Date "2011.12.18"]
[Round "1"]
[Board "15"]
[White "Kursova, Maria"]
[Black "Pavlidou, Ekaterini"]
[Result "1-0"]
[WhiteTitle "WGM"]
[BlackTitle "WIM"]
[WhiteElo "2315"]
[BlackElo "2176"]
[WhiteTeam "Armenia"]
[BlackTeam "Greece"]
[WhiteFideId "4129709"]
[BlackFideId "4213262"]
[EventDate "2011.12.18"]

1. d4 Nf6 2. Nf3 e6 3. c4 b6 4. g3 Ba6 5. Nbd2 d5 6. Bg2 Be7 7. O-O O-O 8. cxd5
exd5 9. Ne5 c5 10. dxc5 bxc5 11. Re1 Bb7 12. b3 Qb6 13. Bb2 Na6 14. Rc1 Rad8 15.
Qc2 Nc7 16. Rcd1 Ne6 17. Qb1 Qa6 18. Nf1 c4 19. bxc4 d4 20. Ba3 Qxa3 21. Qxb7
Rb8 22. Qf3 Qxf3 23. Bxf3 Bb4 24. Nd2 Bc3 25. Nd3 Rb6 26. Rf1 Ra6 27. Nc1 Nc5
28. Ndb3 Na4 29. Nd3 Nb6 30. c5 Nc4 31. Ndc1 Nb2 32. Rxd4 Bxd4 33. Nxd4 Ra4 34.
e3 Rd8 35. c6 Ne8 36. Nb5 Rc4 37. Nb3 a6 38. N5d4 Nc7 39. Rb1 Nd3 40. Na5 Rc1+
41. Rxc1 Nxc1 42. Nb7 Rb8 43. a3 Nd3 44. Kf1 Ne5 45. Bg2 g6 46. Ke2 Kg7 47. a4
Kf6 48. f4 Nc4 49. a5 Ke7 50. e4 Nd6 51. e5 Ndb5 52. Ke3 Re8 53. Nb3 f6 54. N3c5
g5 55. Be4 gxf4+ 56. gxf4 fxe5 57. fxe5 h6 58. Bd3 Nd5+ 59. Kd2 Rg8 60. Bxb5
axb5 61. a6 Rg2+ 62. Ke1 Nc7 63. Nd6 Ra2 64. a7 b4 65. Kd1 Ra5 66. Nc8+ Ke8 67.
Nd7 Na8 68. e6 Ra6 69. Nf6+ 1-0

[Event "FIDE Women's World Teams"]
[Site "Mardin TUR"]
[Date "2011.12.18"]
[Round "1"]
[Board "7"]
[White "Cemhan, Kardelen"]
[Black "Tan, Zhongyi"]
[Result "0-1"]
[BlackTitle "WGM"]
[WhiteElo "1881"]
[BlackElo "2448"]
[WhiteTeam "Turkey"]
[BlackTeam "China"]
[WhiteFideId "6325670"]
[BlackFideId "8603642"]
[EventDate "2011.12.18"]

1. e4 d6 2. d4 Nf6 3. Nc3 g6 4. f4 Bg7 5. Nf3 O-O 6. Be3 b6 7. Qd2 Bb7 8. e5 Ng4
9. O-O-O dxe5 10. Nxe5 Nxe5 11. dxe5 Qxd2+ 12. Rxd2 g5 13. Nd5 Bxd5 14. Rxd5 e6
15. Rd3 gxf4 16. Bxf4 Nc6 17. Rg3 Kh8 18. Rc3 Ne7 19. Bg3 c5 20. Bd3 Rad8 21.
Rc4 Ng6 22. Re1 Rd5 23. Rce4 Rfd8 24. h4 h5 25. b3 Rd4 26. Bf2 Rxe4 27. Rxe4
Nxe5 28. Kd2 Ng4 29. Bg3 e5 30. Ke2 f5 31. Ra4 e4 32. Bc4 Bh6 33. Be1 a5 34. Be6
Ne3 35. a3 Nxc2 36. Bc3+ Bg7 37. Bxg7+ Kxg7 38. Bxf5 Nd4+ 39. Rxd4 Rxd4 40. Ke3
Rd3+ 41. Kxe4 Rxb3 42. a4 Rb4+ 0-1

[Event "FIDE Women's World Teams"]
[Site "Mardin TUR"]
[Date "2011.12.18"]
[Round "1"]
[Board "9"]
[White "Van Der Merwe, Cecile H."]
[Black "Javakhishvili, Lela"]
[Result "0-1"]
[WhiteTitle "WIM"]
[BlackTitle "IM"]
[WhiteElo "2057"]
[BlackElo "2475"]
[WhiteTeam "South Africa"]
[BlackTeam "Georgia"]
[WhiteFideId "14300648"]
[BlackFideId "13601458"]
[EventDate "2011.12.18"]

1. e4 c5 2. Nc3 e6 3. f4 a6 4. Nf3 b5 5. d3 Nc6 6. g3 d5 7. Qe2 Nd4 8. Nxd4 cxd4
9. Nd1 dxe4 10. dxe4 Bb7 11. Bg2 Nf6 12. Nf2 Rc8 13. O-O Qb6 14. Rd1 Be7 15. a4
O-O 16. b3 Bb4 17. Bb2 Rfd8 18. Rd3 bxa4 19. bxa4 a5 20. Qd1 Rc4 21. Rb1 Rd7 22.
c3 dxc3 23. Rxd7 Nxd7 24. Bxc3 Rxc3 25. Qxd7 g6 26. f5 Rc2 27. Qe8+ Kg7 28. Rf1
Bc5 29. f6+ Kxf6 30. e5+ Kg7 31. Bxb7 Bxf2+ 32. Kg2 Qxb7+ 0-1

[Event "FIDE Women's World Teams"]
[Site "Mardin TUR"]
[Date "2011.12.18"]
[Round "1"]
[Board "11"]
[White "Frick, Denise"]
[Black "Khurtsidze, Nino"]
[Result "0-1"]
[WhiteTitle "WIM"]
[BlackTitle "IM"]
[WhiteElo "1916"]
[BlackElo "2440"]
[WhiteTeam "South Africa"]
[BlackTeam "Georgia"]
[WhiteFideId "14300818"]
[BlackFideId "13600320"]
[EventDate "2011.12.18"]

1. e4 c5 2. d3 e6 3. g3 Nc6 4. Bg2 d6 5. f4 g6 6. Nf3 Bg7 7. c3 Nge7 8. Be3 O-O
9. O-O b6 10. Bf2 Ba6 11. Re1 Rc8 12. a4 Qd7 13. Na3 Rfd8 14. Nc2 e5 15. d4 cxd4
16. cxd4 exf4 17. gxf4 d5 18. e5 h6 19. b4 Bc4 20. Qd2 Nf5 21. Nh4 Bb3 22. Nxf5
Qxf5 23. Ne3 Qxf4 24. Ra3 Qxd4 25. Qxd4 Nxd4 26. Ng4 Rc1 27. Rxc1 Ne2+ 28. Kf1
Nxc1 29. Be3 Bc4+ 30. Kg1 Nd3 31. Nxh6+ Bxh6 32. Bxh6 Nxe5 33. Bg5 Re8 34. Re3
Kg7 35. Bf4 f6 36. Re1 Nf3+ 37. Bxf3 Rxe1+ 38. Kf2 Ra1 0-1

[Event "FIDE Women's World Teams"]
[Site "Mardin TUR"]
[Date "2011.12.18"]
[Round "1"]
[Board "4"]
[White "Zhukova, Natalia"]
[Black "Padmini, Rout"]
[Result "1-0"]
[WhiteTitle "GM"]
[BlackTitle "WGM"]
[WhiteElo "2427"]
[BlackElo "2392"]
[WhiteTeam "Ukraine"]
[BlackTeam "India"]
[WhiteFideId "14101513"]
[BlackFideId "5029295"]
[EventDate "2011.12.18"]

1. d4 Nf6 2. c4 g6 3. f3 Nc6 4. d5 Ne5 5. e4 d6 6. Nc3 Bg7 7. Nge2 O-O 8. Nd4
Re8 9. Be2 e6 10. O-O exd5 11. cxd5 c6 12. dxc6 bxc6 13. Kh1 Bb7 14. Nb3 Bf8 15.
Be3 a5 16. Qd2 Ba6 17. Bxa6 Rxa6 18. Bg5 Ned7 19. Nd4 Qb6 20. Rac1 Qb7 21. b3
Bg7 22. Rfd1 Rc8 23. Bh6 d5 24. Bxg7 Kxg7 25. Qg5 Kh8 26. exd5 cxd5 27. Ncb5
Rxc1 28. Rxc1 a4 29. bxa4 Rxa4 30. Nd6 Qa6 31. N4f5 Rxa2 32. Nxf7+ Kg8 33. N7h6+
Kf8 34. Nd4 Ra1 35. h3 Rxc1+ 36. Qxc1 Qc4 37. Qe3 Kg7 38. Ne6+ Kh8 39. Nf7+ Kg8
40. Nh6+ Kh8 41. Qa3 Qc6 42. Nf7+ Kg8 43. Qe7 Qc1+ 44. Kh2 Qe3 45. f4 Nh5 46.
Qe8+ 1-0

[Event "FIDE Women's World Teams"]
[Site "Mardin TUR"]
[Date "2011.12.18"]
[Round "1"]
[Board "12"]
[White "Melia, Salome"]
[Black "Van Niekerk, Lauren"]
[Result "1-0"]
[WhiteTitle "IM"]
[BlackTitle "WFM"]
[WhiteElo "2392"]
[BlackElo "1607"]
[WhiteTeam "Georgia"]
[BlackTeam "South Africa"]
[WhiteFideId "13602446"]
[BlackFideId "14305003"]
[EventDate "2011.12.18"]

1. e4 c5 2. Nf3 e6 3. d4 cxd4 4. Nxd4 a6 5. Bd3 Qc7 6. O-O Bc5 7. Nb3 Be7 8. Nc3
Nf6 9. f4 d6 10. Qf3 Nc6 11. Kh1 O-O 12. Bd2 Rb8 13. Rae1 Rd8 14. e5 Nd7 15.
exd6 Bxd6 16. Ne4 Be7 17. Bc3 Bb4 18. Ng5 g6 19. Qh3 Nf8 20. Bf6 Be7 21. Ne4
Bxf6 22. Nxf6+ Kg7 23. Ng4 h5 24. Ne5 Nxe5 25. Rxe5 Nh7 26. Qg3 Bd7 27. Rxh5 Bc6
28. Nc5 Rd5 29. Nxe6+ fxe6 30. Qxg6+ Kf8 31. Rxh7 Rd7 32. Qf6+ Rf7 33. Rh8# 1-0

[Event "FIDE Women's World Teams"]
[Site "Mardin TUR"]
[Date "2011.12.18"]
[Round "1"]
[Board "13"]
[White "Mkrtchian, Lilit"]
[Black "Makropoulou, Marina"]
[Result "1-0"]
[WhiteTitle "IM"]
[BlackTitle "WGM"]
[WhiteElo "2469"]
[BlackElo "2201"]
[WhiteTeam "Armenia"]
[BlackTeam "Greece"]
[WhiteFideId "13300601"]
[BlackFideId "4200187"]
[EventDate "2011.12.18"]

1. d4 d5 2. c4 c6 3. Nf3 Nf6 4. e3 a6 5. Nc3 b5 6. b3 Bg4 7. Bd2 e6 8. h3 Bh5 9.
g4 Bg6 10. Ne5 Ne4 11. h4 Nxd2 12. Qxd2 f6 13. Nxg6 hxg6 14. c5 e5 15. O-O-O Nd7
16. Qc2 f5 17. gxf5 Rxh4 18. Rxh4 Qxh4 19. fxg6 e4 20. f3 exf3 21. Qf5 Qf6 22.
Bh3 Qxf5 23. Bxf5 Be7 24. Rf1 Bf6 25. Kd2 Ke7 26. Rxf3 Rh8 27. Rh3 Rxh3 28. Bxh3
Nf8 29. Bf5 Bg5 30. b4 Kf6 31. Bc8 Nxg6 32. Bxa6 Ne7 33. Kd3 Ke6 34. a4 bxa4 35.
Nxa4 Kd7 36. Nc3 Nf5 37. Nd1 Ng3 38. b5 Nf5 39. b6 Bh6 40. Ke2 Ng3+ 41. Kf3 Ne4
42. Bd3 Nd2+ 43. Ke2 Nb3 44. Bf5+ Kd8 45. Nf2 Na5 46. Ng4 Bg5 47. Kf3 Bh4 48.
Ne5 Be1 49. Bd7 Nc4 50. Nxc6+ 1-0

[Event "FIDE Women's World Teams"]
[Site "Mardin TUR"]
[Date "2011.12.18"]
[Round "1"]
[Board "20"]
[White "Gunina, Valentina"]
[Black "Hoang, Thi Nhu Y"]
[Result "1-0"]
[WhiteTitle "IM"]
[BlackTitle "WIM"]
[WhiteElo "2514"]
[BlackElo "2218"]
[WhiteTeam "Russia"]
[BlackTeam "Vietnam"]
[WhiteFideId "4167570"]
[BlackFideId "12401455"]
[EventDate "2011.12.18"]

1. d4 Nf6 2. Nf3 e6 3. c4 b6 4. g3 Bb7 5. Bg2 Be7 6. O-O O-O 7. d5 Qc8 8. Nc3
Bb4 9. Bd2 Re8 10. Qc2 exd5 11. Nxd5 Nxd5 12. cxd5 Bxd2 13. Qxd2 c5 14. Qf4 d6
15. Qxd6 Qd7 16. Qf4 Rxe2 17. Rfe1 Rxe1+ 18. Rxe1 f6 19. Bh3 Qd8 20. d6 Nc6 21.
d7 Qf8 22. Qc7 Na5 23. Be6+ Kh8 24. Bf7 Bc6 25. Re8 1-0

[Event "FIDE Women's World Teams"]
[Site "Mardin TUR"]
[Date "2011.12.18"]
[Round "1"]
[Board "2"]
[White "Muzychuk, Mariya"]
[Black "Harika, Dronavalli"]
[Result "1/2-1/2"]
[WhiteTitle "IM"]
[BlackTitle "GM"]
[WhiteElo "2460"]
[BlackElo "2512"]
[WhiteTeam "Ukraine"]
[BlackTeam "India"]
[WhiteFideId "14114550"]
[BlackFideId "5015197"]
[EventDate "2011.12.18"]

1. e4 e5 2. Nf3 Nc6 3. d4 exd4 4. Nxd4 Nf6 5. Nxc6 bxc6 6. e5 Qe7 7. Qe2 Nd5 8.
c4 Nb6 9. Nc3 Bb7 10. f4 O-O-O 11. Be3 f6 12. c5 Nd5 13. Nxd5 cxd5 14. Bd4 fxe5
15. fxe5 Qh4+ 16. Qf2 Qxf2+ 17. Kxf2 g6 18. Bd3 Bg7 19. Rae1 Rde8 1/2-1/2

[Event "FIDE Women's World Teams"]
[Site "Mardin TUR"]
[Date "2011.12.18"]
[Round "1"]
[Board "17"]
[White "Pham, Le Thao Nguyen"]
[Black "Kosintseva, Nadezhda"]
[Result "1/2-1/2"]
[WhiteTitle "WGM"]
[BlackTitle "GM"]
[WhiteElo "2341"]
[BlackElo "2546"]
[WhiteTeam "Vietnam"]
[BlackTeam "Russia"]
[WhiteFideId "12401226"]
[BlackFideId "4134974"]
[EventDate "2011.12.18"]

1. Nf3 Nf6 2. c4 b6 3. g3 c5 4. Bg2 Bb7 5. O-O e6 6. Nc3 Be7 7. Re1 d6 8. b3 O-O
9. Bb2 Nbd7 10. d4 cxd4 11. Qxd4 a6 12. Rad1 Qc7 13. h3 Rfd8 14. Rc1 Rac8 15.
Red1 Qb8 16. Nd2 Bxg2 17. Kxg2 Bf8 18. Kg1 Ne8 19. Nce4 b5 20. Ng5 h6 21. Ngf3
Ndf6 22. Ne4 Nxe4 23. Qxe4 bxc4 24. Rxc4 d5 25. Rxc8 Rxc8 26. Qd3 Qb6 27. Rc1
Rxc1+ 28. Bxc1 Bc5 29. e3 Nf6 30. Bb2 Ne4 31. Nd2 Nxd2 32. Qxd2 Qb5 33. Bd4 Bxd4 1/2-1/2

[Event "FIDE Women's World Teams"]
[Site "Mardin TUR"]
[Date "2011.12.18"]
[Round "1"]
[Board "18"]
[White "Kosintseva, Tatiana"]
[Black "Hoang, Thi Bao Tram"]
[Result "1/2-1/2"]
[WhiteTitle "GM"]
[BlackTitle "WGM"]
[WhiteElo "2526"]
[BlackElo "2341"]
[WhiteTeam "Russia"]
[BlackTeam "Vietnam"]
[WhiteFideId "4133471"]
[BlackFideId "12401102"]
[EventDate "2011.12.18"]

1. e4 c6 2. d4 d5 3. e5 Bf5 4. Nf3 e6 5. Be2 Nd7 6. O-O Bg4 7. Nbd2 g6 8. c4 Ne7
9. cxd5 cxd5 10. h3 Bxf3 11. Nxf3 Bg7 12. Qb3 Qb6 13. Qa3 Nc6 14. Be3 Bf8 15.
Qd3 Bg7 16. a3 O-O 17. b4 Rac8 18. Nd2 Ne7 19. Nb3 Nf5 20. Bd2 Rc4 21. Bc3 Rfc8
22. Bb2 Rc2 23. Rab1 R2c7 24. Nc5 Nf8 25. f4 a5 26. g4 Ne7 27. Bc3 axb4 28. Rxb4
Qa7 29. Ra4 Qb8 30. Ba5 Rxc5 31. dxc5 Nd7 32. Bb6 Nxc5 33. Bxc5 Rxc5 34. Qd4 Qc8
35. Ra8 Qxa8 36. Qxc5 Bf8 37. Qc3 Qa7+ 38. Kg2 d4 39. Qf3 Nd5 40. Rc1 Ne3+ 41.
Kh2 Qa5 42. Rc8 Kg7 43. h4 Be7 44. h5 Qe1 45. Rc7 Nd5 46. Rxb7 Qh4+ 47. Kg2 Ne3+
48. Kg1 d3 49. Bxd3 Bc5 50. Rc7 Bb6 51. Rb7 Bd4 52. Rd7 1/2-1/2

[Event "FIDE Women's World Teams"]
[Site "Mardin TUR"]
[Date "2011.12.19"]
[Round "2"]
[Board "6"]
[White "Kosintseva, Tatiana"]
[Black "Muzychuk, Mariya"]
[Result "1-0"]
[WhiteTitle "GM"]
[BlackTitle "IM"]
[WhiteElo "2526"]
[BlackElo "2460"]
[WhiteTeam "Russia"]
[BlackTeam "Ukraine"]
[WhiteFideId "4133471"]
[BlackFideId "14114550"]
[EventDate "2011.12.18"]

1. e4 c5 2. Nf3 e6 3. d4 cxd4 4. Nxd4 a6 5. Bd3 Ne7 6. O-O Nbc6 7. c3 g6 8. Be3
Bg7 9. Nd2 O-O 10. Nxc6 Nxc6 11. Nc4 d5 12. exd5 exd5 13. Nd2 d4 14. cxd4 Nxd4
15. Nb3 Nxb3 16. Qxb3 Be6 17. Qa3 Qd5 18. Be2 Rac8 19. Rfd1 Qe5 20. Bf3 Qb5 21.
Bd4 Rc2 22. b3 Rfc8 23. Bxg7 Kxg7 24. Qd6 Kg8 25. Qa3 Kg7 26. Qd6 R2c7 27. Qd4+
f6 28. h4 Rd7 29. Qe3 Re8 30. Qf4 Red8 31. Rxd7+ Rxd7 32. Re1 Bd5 33. Bg4 Rf7
34. h5 g5 35. Qd4 Qc6 36. f3 Rc7 37. Bf5 Bf7 38. Kh2 h6 39. Re2 Qc5 40. Qxc5
Rxc5 41. g4 Kf8 42. Rd2 Rc7 43. Rd8+ Kg7 44. Kg3 Bg8 45. Rd6 Re7 46. Kf2 Bf7 47.
Rd8 Bg8 48. Rd6 Bf7 49. Be4 Be6 50. Rb6 Bc8 51. Ke3 Rc7 52. Bd5 Re7+ 53. Kd4 Rc7
54. a4 Re7 55. a5 Rc7 56. Rb4 f5 57. gxf5 Kf6 58. Rb6+ Kxf5 59. Rxh6 g4 60.
fxg4+ Kxg4 61. Rh8 Kg5 62. h6 Bf5 63. Rb8 Rh7 64. Rxb7 Rxh6 65. Rb6 Rh4+ 66. Kc5
Bc8 67. Bc4 Kf4 68. Bxa6 Rh5+ 69. Kb4 Bf5 70. Bb7 Rh2 71. a6 Ra2 72. Rb5 Be6 73.
Ra5 1-0

[Event "FIDE Women's World Teams"]
[Site "Mardin TUR"]
[Date "2011.12.19"]
[Round "2"]
[Board "8"]
[White "Gunina, Valentina"]
[Black "Vasilevich, Tatjana"]
[Result "1-0"]
[WhiteTitle "IM"]
[BlackTitle "IM"]
[WhiteElo "2514"]
[BlackElo "2412"]
[WhiteTeam "Russia"]
[BlackTeam "Ukraine"]
[WhiteFideId "4167570"]
[BlackFideId "14101610"]
[EventDate "2011.12.18"]

1. d4 f5 2. c4 Nf6 3. Nf3 g6 4. g3 Bg7 5. Bg2 O-O 6. O-O d6 7. Nc3 Qe8 8. d5 a5
9. Rb1 Na6 10. b3 Bd7 11. Bb2 h6 12. Ne1 b6 13. Nd3 Rb8 14. e4 Nc5 15. Nxc5 bxc5
16. Qd2 a4 17. bxa4 Rb4 18. Qe2 fxe4 19. Nxe4 Rxa4 20. Nc3 Rb4 21. a3 Rb8 22.
Rbe1 Qc8 23. Nb5 Rf7 24. Bc3 Ra8 25. Qb2 c6 26. dxc6 Bxc6 27. Bxc6 Qxc6 28. Re6
Raf8 29. Qe2 Qb7 30. Qd3 Kh7 31. h4 Kg8 32. Qxg6 d5 33. Bxf6 Rxf6 34. Rxf6 Rxf6
35. Qh5 dxc4 36. a4 Qc6 37. Rd1 Rf8 38. Qg4 Qf6 39. Qxc4+ Kh8 40. Rd2 Qa1+ 41.
Kg2 Qe1 42. Re2 Qb4 43. Re4 Qxc4 44. Rxc4 Rc8 45. a5 Ra8 46. Ra4 c4 47. a6 c3
48. a7 Be5 49. f4 Bf6 50. Kf3 Kg8 51. Ke2 Kf7 52. Nc7 c2 53. Kd2 Rc8 54. Rc4 1-0

[Event "FIDE Women's World Teams"]
[Site "Mardin TUR"]
[Date "2011.12.19"]
[Round "2"]
[Board "12"]
[White "Nguyen, Thi Thanh An"]
[Black "Iordanidou, Zoi"]
[Result "1/2-1/2"]
[WhiteTitle "WGM"]
[WhiteElo "2300"]
[BlackElo "2169"]
[WhiteTeam "Vietnam"]
[BlackTeam "Greece"]
[WhiteFideId "12400300"]
[BlackFideId "4209192"]
[EventDate "2011.12.18"]

1. Nf3 f5 2. d4 Nf6 3. Bf4 e6 4. e3 Be7 5. c4 d5 6. Nc3 c6 7. Bd3 O-O 8. Qc2 Ne4
9. g4 Na6 10. a3 Qa5 11. Ke2 Nxc3+ 12. bxc3 Nc7 13. gxf5 exf5 14. Rhg1 dxc4 15.
Bxc4+ Be6 16. Bxe6+ Nxe6 17. Be5 Qd5 18. Qa2 b5 19. a4 Qxa2+ 20. Rxa2 a6 21.
axb5 axb5 22. Rga1 Rxa2+ 23. Rxa2 Rc8 24. Ra6 Kf7 25. Ne1 g5 26. Ra7 Ke8 27. f3
Nf8 28. Nd3 Nd7 29. e4 fxe4 30. fxe4 c5 31. Bg3 cxd4 32. cxd4 Rc2+ 33. Kd1 Rc4
34. Bf2 Rc3 35. Kd2 b4 36. d5 Nf6 37. Bd4 Ra3 38. Rxa3 bxa3 39. Nf2 Kf7 40. Kc2
h5 41. Kb3 g4 42. d6 Bxd6 43. e5 Bc7 44. exf6 Bxh2 45. Kxa3 Bg1 46. Kb3 g3 47.
Ne4 Bxd4 48. Nxg3 h4 49. Ne4 Bxf6 50. Kc4 h3 51. Nf2 h2 52. Kd3 Bh4 53. Nh1 Kg6
54. Ke4 1/2-1/2

[Event "FIDE Women's World Teams"]
[Site "Mardin TUR"]
[Date "2011.12.19"]
[Round "2"]
[Board "13"]
[White "Dzagnidze, Nana"]
[Black "Danielian, Elina"]
[Result "1-0"]
[WhiteTitle "GM"]
[BlackTitle "GM"]
[WhiteElo "2516"]
[BlackElo "2497"]
[WhiteTeam "Georgia"]
[BlackTeam "Armenia"]
[WhiteFideId "13601903"]
[BlackFideId "13300210"]
[EventDate "2011.12.18"]

1. d4 d5 2. c4 c6 3. Nf3 Nf6 4. Nc3 dxc4 5. a4 Bf5 6. e3 e6 7. Bxc4 Bb4 8. O-O
O-O 9. Qe2 Nbd7 10. Ne5 Qc7 11. e4 Bxc3 12. Nxd7 Nxd7 13. bxc3 Bg6 14. f4 Rfe8
15. g4 f6 16. f5 Bf7 17. g5 fxg5 18. Bxg5 Nb6 19. Ba2 exf5 20. Rxf5 Bxa2 21.
Qxa2+ Kh8 22. Raf1 h6 23. Rf7 Qc8 24. Qg2 Qe6 25. R1f6 gxf6 26. Bxf6+ Qxf6 27.
Rxf6 Re7 28. Rxh6+ Rh7 29. Qg6 Rxh6 30. Qxh6+ Kg8 31. a5 Na4 32. Qe6+ Kh8 33.
Qf6+ Kg8 34. e5 Nxc3 35. e6 Rf8 36. Qg6+ Kh8 37. Qh5+ Kg7 1-0

[Event "FIDE Women's World Teams"]
[Site "Mardin TUR"]
[Date "2011.12.19"]
[Round "2"]
[Board "19"]
[White "Tan, Zhongyi"]
[Black "Frick, Denise"]
[Result "1-0"]
[WhiteTitle "WGM"]
[BlackTitle "WIM"]
[WhiteElo "2448"]
[BlackElo "1916"]
[WhiteTeam "China"]
[BlackTeam "South Africa"]
[WhiteFideId "8603642"]
[BlackFideId "14300818"]
[EventDate "2011.12.18"]

1. d4 d5 2. c4 c6 3. Nf3 Nf6 4. Nc3 e6 5. Bg5 h6 6. Bh4 dxc4 7. e4 g5 8. Bg3 b5
9. Be2 Bb7 10. h4 g4 11. Ne5 Nbd7 12. O-O Be7 13. d5 Nxe5 14. Bxe5 Bd6 15. Bxd6
Qxd6 16. e5 Qxe5 17. dxe6 Qxe6 18. Bxc4 Qd7 19. Qe2+ Kf8 20. Bd3 Re8 21. Qc2 a6
22. Ne4 Nxe4 23. Bxe4 g3 24. Rae1 Qd4 25. Re2 Rg8 26. Bf3 Rxe2 27. Qxe2 gxf2+
28. Rxf2 Qxh4 29. Bh5 Rg7 30. Qe5 Qd8 31. Bxf7 Qd1+ 32. Rf1 Rxg2+ 33. Kxg2 Qg4+
34. Qg3 Qe2+ 35. Rf2 Qe4+ 36. Kh2 Ke7 37. Qc7+ 1-0

[Event "FIDE Women's World Teams"]
[Site "Mardin TUR"]
[Date "2011.12.19"]
[Round "2"]
[Board "18"]
[White "Solomons, Anzel"]
[Black "Zhao, Xue"]
[Result "0-1"]
[WhiteTitle "WIM"]
[BlackTitle "GM"]
[WhiteElo "1926"]
[BlackElo "2541"]
[WhiteTeam "South Africa"]
[BlackTeam "China"]
[WhiteFideId "14300800"]
[BlackFideId "8601283"]
[EventDate "2011.12.18"]

1. d4 Nf6 2. c4 e6 3. Nf3 d5 4. Bg5 h6 5. Bh4 Bb4+ 6. Nc3 dxc4 7. Bxf6 gxf6 8.
Qa4+ Nc6 9. a3 Bxc3+ 10. bxc3 Qd5 11. e3 b5 12. Qc2 Bb7 13. e4 Qd7 14. a4 a6 15.
axb5 axb5 16. Rxa8+ Bxa8 17. Qb1 Ne7 18. Be2 O-O 19. Qc1 Kg7 20. Qf4 Ng6 21. Qg4
f5 22. exf5 exf5 23. Ne5 Qe6 24. Qg3 f4 25. Qg4 Qxg4 26. Bxg4 Nxe5 27. dxe5 Re8
28. O-O Rxe5 29. Ra1 Be4 30. Re1 Kf6 31. h3 c5 32. Bd7 b4 0-1

[Event "FIDE Women's World Teams"]
[Site "Mardin TUR"]
[Date "2011.12.19"]
[Round "2"]
[Board "20"]
[White "Van Niekerk, Lauren"]
[Black "Zhang, Xiaowen"]
[Result "0-1"]
[WhiteTitle "WFM"]
[BlackTitle "WGM"]
[WhiteElo "1607"]
[BlackElo "2364"]
[WhiteTeam "South Africa"]
[BlackTeam "China"]
[WhiteFideId "14305003"]
[BlackFideId "8603219"]
[EventDate "2011.12.18"]

1. d4 Nf6 2. c4 g6 3. Nf3 Bg7 4. g3 d6 5. Bg2 O-O 6. O-O Nc6 7. Nc3 a6 8. e4 Bg4
9. h3 Bxf3 10. Bxf3 e5 11. d5 Nd4 12. Bg2 c5 13. dxc6 bxc6 14. Be3 Ne8 15. Rb1
a5 16. a3 Nc7 17. b4 axb4 18. axb4 Ra3 19. Ne2 Nce6 20. Bxd4 exd4 21. Rb3 Rxb3
22. Qxb3 Qb6 23. Nc1 Rb8 24. Nd3 Nc5 25. Qc2 Nxd3 26. Qxd3 Qxb4 27. e5 Bxe5 28.
Bxc6 Qc3 29. Rd1 Rb3 30. Be4 f5 31. Qxc3 dxc3 32. Bd3 Rb2 33. Rc1 Rd2 34. Bc2
Bd4 35. Bb3 Rxf2 36. Kh1 Rb2 37. Ba4 Be5 38. Kg1 Kg7 39. g4 Bd4+ 40. Kh1 f4 41.
Rc2 Rb4 42. Bb5 f3 43. Kh2 Rb1 44. Bc6 Be5# 0-1

[Event "FIDE Women's World Teams"]
[Site "Mardin TUR"]
[Date "2011.12.19"]
[Round "2"]
[Board "3"]
[White "Padmini, Rout"]
[Black "Cemhan, Kardelen"]
[Result "1-0"]
[WhiteTitle "WGM"]
[WhiteElo "2392"]
[BlackElo "1881"]
[WhiteTeam "India"]
[BlackTeam "Turkey"]
[WhiteFideId "5029295"]
[BlackFideId "6325670"]
[EventDate "2011.12.18"]

1. e4 c5 2. Nf3 Nc6 3. d4 cxd4 4. Nxd4 Qc7 5. Nc3 e6 6. Be3 a6 7. Be2 Nf6 8. a3
Be7 9. f4 d6 10. O-O O-O 11. Qe1 Re8 12. Qg3 e5 13. fxe5 dxe5 14. Nf5 Bxf5 15.
Rxf5 Qd7 16. Raf1 Kh8 17. Bd3 Rad8 18. Nd5 Qd6 19. b4 Qb8 20. Kh1 Rd7 21. Qh3
Rdd8 22. Nxf6 Bxf6 23. Rh5 Kg8 24. Rxh7 Kf8 25. Bc5+ Rd6 26. Qd7 1-0

[Event "FIDE Women's World Teams"]
[Site "Mardin TUR"]
[Date "2011.12.19"]
[Round "2"]
[Board "10"]
[White "Hoang, Thi Bao Tram"]
[Black "Makropoulou, Marina"]
[Result "1-0"]
[WhiteTitle "WGM"]
[BlackTitle "WGM"]
[WhiteElo "2341"]
[BlackElo "2201"]
[WhiteTeam "Vietnam"]
[BlackTeam "Greece"]
[WhiteFideId "12401102"]
[BlackFideId "4200187"]
[EventDate "2011.12.18"]

1. d4 Nf6 2. Nf3 g6 3. Nc3 d5 4. Bf4 Bg7 5. e3 c6 6. h3 O-O 7. Be2 Qb6 8. a3
Nbd7 9. O-O Ne4 10. Nxe4 dxe4 11. Nd2 Qxb2 12. Rb1 Qxa3 13. Nc4 Qa4 14. Ra1 Qb4
15. c3 Qxc3 16. Rc1 Qxc1 17. Qxc1 c5 18. dxc5 Nxc5 19. Qa3 Ne6 20. Bg3 Bd7 21.
Qxe7 Bc6 22. Ne5 a5 23. Bc4 1-0

[Event "FIDE Women's World Teams"]
[Site "Mardin TUR"]
[Date "2011.12.19"]
[Round "2"]
[Board "11"]
[White "Pavlidou, Ekaterini"]
[Black "Nguyen, Thi Mai Hung"]
[Result "1/2-1/2"]
[WhiteTitle "WIM"]
[BlackTitle "WIM"]
[WhiteElo "2176"]
[BlackElo "2244"]
[WhiteTeam "Greece"]
[BlackTeam "Vietnam"]
[WhiteFideId "4213262"]
[BlackFideId "12401676"]
[EventDate "2011.12.18"]

1. d4 d5 2. c4 c6 3. Nf3 Nf6 4. Nc3 e6 5. Bg5 h6 6. Bh4 Be7 7. e3 O-O 8. Bd3
Nbd7 9. O-O a6 10. Rc1 dxc4 11. Bxc4 b5 12. Bd3 c5 13. Qe2 Bb7 14. Rfd1 cxd4 15.
exd4 Rc8 16. Bb1 b4 17. Na4 Qa5 18. b3 Qh5 19. Bg3 Nd5 20. Rc4 N5b6 21. Qd3 g6
22. Nxb6 Nxb6 23. Rxc8 Rxc8 24. Qd2 Rc3 25. Re1 Bf6 26. Ne5 Kg7 27. Bd3 a5 1/2-1/2

[Event "FIDE Women's World Teams"]
[Site "Mardin TUR"]
[Date "2011.12.19"]
[Round "2"]
[Board "14"]
[White "Mkrtchian, Lilit"]
[Black "Javakhishvili, Lela"]
[Result "1/2-1/2"]
[WhiteTitle "IM"]
[BlackTitle "IM"]
[WhiteElo "2469"]
[BlackElo "2475"]
[WhiteTeam "Armenia"]
[BlackTeam "Georgia"]
[WhiteFideId "13300601"]
[BlackFideId "13601458"]
[EventDate "2011.12.18"]

1. c4 Nf6 2. Nf3 e6 3. b3 b6 4. g3 Bb7 5. Bg2 c5 6. Bb2 Be7 7. O-O O-O 8. e3 Nc6
9. Nc3 Rc8 10. Qe2 Re8 11. Rfd1 a6 12. Rac1 d6 13. d4 cxd4 14. Nxd4 Nxd4 15.
Rxd4 Qc7 16. Rcd1 Bxg2 17. Kxg2 Red8 18. R4d2 Rb8 19. a4 Bf8 20. Qf3 Rbc8 21.
Qe2 Qc6+ 22. Qf3 Qc7 23. Qe2 Qc6+ 24. Qf3 1/2-1/2